| 000 | 01184nab a2200409 4500 | ||
|---|---|---|---|
| 003 | BR-BrBNA | ||
| 005 | 20250604170359.0 | ||
| 008 | 250604b bl.||||| |||| 00| 0 por d | ||
| 040 |
_aBR-BrBNA _bpor |
||
| 072 | _aS20 ; F01 ; L01 ; A50 ; E14 ; E16 ; E71 ; P06 | ||
| 100 | _aNetto, Ibiapaba | ||
| 100 | _aAndrade, Lívia | ||
| 100 | _aRodrigues, Evandro | ||
| 245 |
_aFome no mundo _bAgrotecnologia |
||
| 500 | _a6 illus. | ||
| 650 | _aESCASSEZ DE ALIMENTO | ||
| 650 | _aFOME | ||
| 650 | _aPOPULAÇÃO HUMANA | ||
| 650 | _aPRODUÇÃO AGROPECUÁRIA | ||
| 650 | _aGRÃOS | ||
| 650 | _aCARNE | ||
| 650 | _aLEITE | ||
| 650 | _aRAÇÃO | ||
| 650 | _aDEMANDA | ||
| 650 | _aPESQUISA | ||
| 650 | _aCUSTO DE PRODUÇÃO | ||
| 650 | _aPRODUTIVIDADE | ||
| 650 | _aRENDIMENTO | ||
| 650 | _aRENDA | ||
| 650 | _aMERCADO MUNDIAL | ||
| 650 | _aBIOENERGIA | ||
| 650 | _aBIOCOMBUSTÍVEL | ||
| 650 | _aBIODIESEL | ||
| 773 | 0 |
_01706 _9347877 _dSão Paulo-SP Editora Três Ltda - E-mail: luizfsa@revistadinheiro.com.br 2004 _o2025-0376 _tDinheiro Rural (Brazil) _x1807-3700 _gv. 6(52) p. 28-35; (Feb 2009) _wBR2025001260 |
|
| 942 | _cANA | ||
| 999 |
_c331903 _d331903 |
||